| 000 | 00578nam a22001817a 4500 | ||
|---|---|---|---|
| 005 | 20260505131514.0 | ||
| 008 | 260505b |||||||| |||| 00| 0 eng d | ||
| 020 | _a978-0-13-413042-2 | ||
| 082 |
_a658.5 _bHAI-O |
||
| 100 |
_aHaizer, Jay _aBarry RENDER _aChuck MUNSON |
||
| 245 |
_aOperation Management: _bSustainability and Supply Chain Management |
||
| 250 | _a12th Ed | ||
| 260 |
_aUnited States of America _bPearson Education, Inc. _c2017 |
||
| 300 | _a910 p. | ||
| 500 | _aIncludes bibliographical references and index. | ||
| 650 | _aProduction management | ||
| 942 | _cBK | ||
| 999 |
_c47521 _d47521 |
||